LEADER 04996nam 22012735 450 001 996309226803316 005 20190615120916.0 010 $a3-8394-4549-3 024 7 $a10.14361/9783839445495 035 $a(CKB)4100000007205188 035 $a(DE-B1597)498888 035 $a(OCoLC)1078908147 035 $a(DE-B1597)9783839445495 035 $a(EXLCZ)994100000007205188 100 $a20190615d2018 fg 101 0 $ager 135 $aur||||||||||| 181 $ctxt$2rdacontent 182 $cc$2rdamedia 183 $acr$2rdacarrier 200 14$aDer Beruf $eEine Begriffsgeschichte /$fGerald Sailmann 210 1$aBielefeld : $ctranscript-Verlag, $d[2018] 210 4$d©2018 215 $a1 online resource 225 0 $aHistoire ;$v147 327 $tFrontmatter -- $tInhalt -- $tEinführung -- $tTeil I: Der Berufsbegriff in der Ständegesellschaft -- $t1. Berufsideen ohne Berufsbegriff -- $t2. Die Entstehung des Berufsbegriffs in der Reformation -- $t3. Der Beruf in Absolutismus und Aufklärung -- $t4. Der Beruf zwischen den Epochen -- $tTeil II: Der Beruf in der Industriegesellschaft -- $t5. Der Beruf als Wegbereiter der Moderne -- $t6. Der Beruf in der industriegeprägten Gesellschaft -- $t7. Der Beruf in der entwickelten Industriegesellschaft -- $t8. Ertrag der begriffsgeschichtlichen Analyse -- $tLiteratur 330 $aJeder kennt den Begriff, jeder verwendet ihn: »Beruf«. Heutzutage ist seine Bedeutung - insbesondere im deutschen Sprachraum - überragend. Seine gesellschaftliche Karriere verlief jedoch nicht zielgerichtet, sondern auf Umwegen, die kaum jemand kennt.Gerald Sailmanns umfassende Überblicksdarstellung zeichnet die Entwicklung des Berufsgedankens in Stände- und Industriegesellschaft nach und spannt dabei einen Bogen von der Antike bis zur Gegenwart. 330 $aThis book traces the idea of the profession along historical landmarks and analyses its characteristics and functions. 606 $aArbeit 606 $aArbeits- und Industriesoziologie 606 $aBerufsberatung 606 $aBerufsbildung 606 $aBerufssoziologie 606 $aCultural History 606 $aEconomic History 606 $aGeschichte 606 $aGeschichtswissenschaft 606 $aHistory 606 $aIndustrial Society 606 $aIndustriegesellschaft 606 $aKulturgeschichte 606 $aSocial History 606 $aSociology of Occupations 606 $aSociology of Work and Industry 606 $aSozialgeschichte 606 $aVocational Counselling 606 $aVocational Education 606 $aWirtschaftsgeschichte 606 $aWork 606 $3(DE-601)104509716$3(DE-588)4005857-8$aBeruf$2gnd 606 $3(DE-601)104617187$3(DE-588)4002805-7$aArbeitswelt$2gnd 606 $3(DE-601)105595527$3(DE-588)4144809-1$aBerufssoziologie$2gnd 606 $3(DE-601)105758884$3(DE-588)4122926-5$aBildungsforschung$2gnd 606 $3(DE-601)106103660$3(DE-588)4069349-1$aBerufstätigkeit$2gnd 606 $3(DE-601)106106481$3(DE-588)4068097-6$aZukunft$2gnd 606 $3(DE-601)106379054$3(DE-588)4005962-5$aBerufswahl$2gnd 606 $3(DE-601)106379283$3(DE-588)4005871-2$aBerufsausbildung$2gnd 606 $3(DE-601)106382365$3(DE-588)4005248-5$aBegriff$2gnd 606 $aHISTORY / Social History$2bisacsh 610 $aCultural History. 610 $aEconomic History. 610 $aHistory. 610 $aIndustrial Society. 610 $aSocial History. 610 $aSociology of Occupations. 610 $aSociology of Work and Industry. 610 $aVocational Counselling. 610 $aVocational Education. 610 $aWork. 615 4$aArbeit. 615 4$aArbeits- und Industriesoziologie. 615 4$aBerufsberatung. 615 4$aBerufsbildung. 615 4$aBerufssoziologie. 615 4$aCultural History. 615 4$aEconomic History. 615 4$aGeschichte. 615 4$aGeschichtswissenschaft. 615 4$aHistory. 615 4$aIndustrial Society. 615 4$aIndustriegesellschaft. 615 4$aKulturgeschichte. 615 4$aSocial History. 615 4$aSociology of Occupations. 615 4$aSociology of Work and Industry. 615 4$aSozialgeschichte. 615 4$aVocational Counselling. 615 4$aVocational Education. 615 4$aWirtschaftsgeschichte. 615 4$aWork. 615 7$aBeruf 615 7$aArbeitswelt 615 7$aBerufssoziologie 615 7$aBildungsforschung 615 7$aBerufstätigkeit 615 7$aZukunft 615 7$aBerufswahl 615 7$aBerufsausbildung 615 7$aBegriff 615 7$aHISTORY / Social History. 676 $a331.7 686 $aMS 5200$2rvk 700 $aSailmann$b Gerald, $0921851 801 0$bDE-B1597 801 1$bDE-B1597 906 $aBOOK 912 $a996309226803316 996 $aDer Beruf$92068345 997 $aUNISA LEADER 02137nam 2200361 450 001 9910688475903321 005 20230624095501.0 035 $a(CKB)5400000000043606 035 $a(NjHacI)995400000000043606 035 $a(EXLCZ)995400000000043606 100 $a20230624d2019 uy 0 101 0 $aeng 135 $aur||||||||||| 181 $ctxt$2rdacontent 182 $cc$2rdamedia 183 $acr$2rdacarrier 200 00$aNeurodevelopment and Neurodevelopmental Disorder /$fedited by Michael Fitzgerald 210 1$aLondon, United Kingdom :$cIntechOpen,$d2019. 215 $a1 online resource (166 pages) $cillustrations 311 $a1-78984-371-5 330 $aNowadays, neurodevelopmental disorders comprise a large proportion of mental health diagnoses. These disorders, according to the Diagnostic and Statistical Manual of Mental Disorders, Fifth Edition, include intellectual disabilities, communication disorders, autism spectrum disorders, attention deficit hyperactivity disorders, specific learning disorders, and motor disorders. Current research is pointing in the direction of schizophrenia, bipolar disorders, and other disorders being included in the category of neurodevelopmental disorders as well. There is a great deal of overlap among these disorders and they are best understood in a dimensional fashion. This book sets out the future of psychiatry in relation to these disorders and what is basically a new understanding of psychiatry in recent decades. Chapters cover topics such as early recognition of schizophrenia, epilepsy, and the genetics of ataxia telangiectasia. Also included is an examination of the complex issue of systems biology and neurodevelopment. 606 $aNeurodevelopmental treatment 606 $aNeurodevelopmental Disorders 615 0$aNeurodevelopmental treatment. 615 0$aNeurodevelopmental Disorders. 676 $a618.9280475 702 $aFitzgerald$b Michael 801 0$bNjHacI 801 1$bNjHacl 906 $aBOOK 912 $a9910688475903321 996 $aNeurodevelopment and Neurodevelopmental Disorder$92025613 997 $aUNINA